000 00679nam a2200217Ii 4500
003 JO-AjNU
008 230605s9999||||xx |||||||||||||| ||und||
017 _a1987/6/238
040 _aJO-AjNU
_bara
_erda
_cJO-AjNU
041 _aara
050 1 4 _aPS3515.E37M412 1987
100 3 _aهمنغواي، ارنست ؛ ترجمه سمير عزت نصار ,
_eauthor
_939387
245 0 0 _aرجال بلا نساء
250 _aط1
264 3 1 _aعمان :دار الشروق للنشر ،1987
300 _a261ص
336 _atext
_btxt
_2rdacontent
337 _aunmediated
_bn
_2rdamedia
338 _avolume
_bnc
_2rdacarrier
650 4 _aالقصص العربية
_939388
999 _aA16630
_c20198
_d20198